00485nam a2200181Ia 450000500170000000800410001702000150005804000190007304100120009208200130010424500300011725000210014726000420016830000120021044000500022265000210027285000100029320231214113653.0131103s9999 xx 000 0 und d a019451322X aLoreto College aEnglish a428bCAR aCareer Prospects,cOxford a Teacher's Book  aOxfordbOxford University Pressc1981 a186 p.  aEnglish For The Business And Commercial World aCareer Prospects aLCLIB